[Event "European Blitz 2022"]
[Site "Katowice POL"]
[Date "2022.12.16"]
[Round "7.32"]
[White "Grandelius, Nils"]
[Black "Stremavicius, Pijus"]
[Result "1-0"]
[WhiteTitle "GM"]
[BlackTitle "FM"]
[WhiteElo "2660"]
[BlackElo "2369"]
[WhiteFideId "1710400"]
[BlackFideId "12812730"]
[EventDate "2022.12.16"]

1. Nf3 d6 2. d4 g6 3. g3 Bg7 4. Bg2 Nc6 5. O-O Bd7 6. d5 Ne5 7. Nxe5 Bxe5 8. Nd2
Qc8 9. Nf3 Bg7 10. Re1 Bh3 11. e4 h5 12. e5 Bxg2 13. Kxg2 dxe5 14. Nxe5 h4 15.
g4 h3+ 16. Kg1 Bxe5 17. Rxe5 Nf6 18. Bg5 Qxg4+ 19. Qxg4 Nxg4 20. Rxe7+ Kf8 21.
f3 Rh5 22. fxg4 Rxg5 23. Rxc7 Rxg4+ 24. Kf2 Rg2+ 25. Kf3 Rd2 26. c4 b6 27. Rf1
Re8 28. Kg4 f5+ 29. Kg5 Re7 30. Rxe7 Kxe7 31. Kxg6 Rxh2 32. Kxf5 Rxb2 33. Rf3 h2
34. Rh3 Kd6 35. Ke4 Rxa2 36. Kd4 Rd2+ 37. Kc3 Rg2 38. Rh6+ Ke5 39. Kb4 a5+ 40.
Kb5 Rb2+ 41. Kc6 a4 42. d6 Rc2 43. d7 Rxc4+ 44. Kxb6 Rd4 45. Kc7 Rc4+ 46. Kb7
Rd4 47. Kc7 Rc4+ 48. Kd8 a3 49. Ke7 Rc7 50. Rxh2 Ra7 51. Ra2 Kd4 52. Rxa3 Rxa3
53. d8=Q+ Kc3 54. Ke6 Ra4 55. Ke5 Rc4 56. Qd1 Rc5+ 57. Ke4 Rc4+ 58. Kd5 Rb4 59.
Qe1+ Kb3 60. Qd2 Rc4 61. Qd3+ Rc3 62. Qb1+ Ka3 63. Kd4 Rb3 64. Qa1+ Kb4 65. Qc1
Ka4 66. Qc2 Ka3 67. Qc5+ Kb2 68. Qc4 Ka3 69. Qc2 Rb4+ 70. Kc5 Rb3 71. Qd2 Rb2
72. Qc3+ Rb3 73. Qa1# 1-0

[Event "European Blitz 2022"]
[Site "Katowice POL"]
[Date "2022.12.16"]
[Round "7.33"]
[White "Saric, Ante"]
[Black "Kacprzak, Kacper"]
[Result "1-0"]
[WhiteTitle "GM"]
[WhiteElo "2504"]
[BlackElo "2289"]
[WhiteFideId "14506254"]
[BlackFideId "21819319"]
[EventDate "2022.12.16"]

1. Nf3 Nf6 2. g3 e6 3. c4 d5 4. Bg2 dxc4 5. Qa4+ Nbd7 6. Qxc4 a6 7. Qc2 c5 8.
Nc3 Be7 9. O-O O-O 10. d4 Qa5 11. Rd1 Nd5 12. Nxd5 exd5 13. Bd2 Qb5 14. dxc5
Nxc5 15. Nd4 Qb6 16. Be3 Be6 17. Nb3 Rac8 18. Rac1 d4 19. Bxd4 Bxb3 20. axb3
Qxb3 21. Bxc5 Qxc2 22. Rxc2 Rxc5 23. Rxc5 Bxc5 24. Bxb7 Rb8 25. Rd7 a5 26. b3 g6
27. Bd5 Rf8 28. g4 g5 29. Kg2 Kg7 30. Bc4 Kg6 31. Bd3+ Kg7 32. Rd5 Be7 33. Rxa5
h6 34. Ra7 Bc5 35. Rc7 Bd6 36. Rb7 Kf6 37. Bc4 Be7 38. e3 Bd8 39. b4 Kg6 40. b5
f5 41. Bd3 Kf6 42. Bxf5 Ke5 43. Rh7 Rf6 44. Rd7 Bb6 45. Kg3 Rf8 46. f4+ 1-0

[Event "European Blitz 2022"]
[Site "Katowice POL"]
[Date "2022.12.16"]
[Round "7.34"]
[White "Mastrovasilis, Dimitrios"]
[Black "Cukrowski, Filip"]
[Result "1-0"]
[WhiteTitle "GM"]
[BlackTitle "FM"]
[WhiteElo "2605"]
[BlackElo "2402"]
[WhiteFideId "4202694"]
[BlackFideId "1171097"]
[EventDate "2022.12.16"]

1. e4 e6 2. b3 d5 3. Bb2 dxe4 4. Nc3 Nf6 5. Qe2 Be7 6. O-O-O Nc6 7. d3 Nd4 8.
Qe1 exd3 9. Bxd3 c5 10. Nf3 Nxf3 11. gxf3 Qc7 12. Rg1 g6 13. Nb5 Qf4+ 14. Kb1 a6
15. Be5 Qxf3 16. Nc7+ Kf8 17. Nxa8 Qc6 18. Qa5 Kg7 19. Qc7 1-0

[Event "European Blitz 2022"]
[Site "Katowice POL"]
[Date "2022.12.16"]
[Round "7.35"]
[White "Vogel, Roven"]
[Black "Molenda, Marcin"]
[Result "1-0"]
[WhiteTitle "IM"]
[BlackTitle "FM"]
[WhiteElo "2463"]
[BlackElo "2381"]
[WhiteFideId "12908088"]
[BlackFideId "1173065"]
[EventDate "2022.12.16"]

1. c4 c6 2. Nf3 d5 3. d4 Nf6 4. e3 e6 5. b3 Ne4 6. Bd3 Nd7 7. Nbd2 f5 8. Bb2 Bd6
9. Ne5 Qf6 10. Ndf3 Bb4+ 11. Kf1 O-O 12. Nxd7 Bxd7 13. Ne5 Be8 14. f3 Ng5 15.
Ke2 f4 16. exf4 Qxf4 17. Bc1 Qf6 18. h4 Nf7 19. Bg5 Nxg5 20. hxg5 Qxg5 21. Bxh7+
Kh8 22. Bf5+ Kg8 23. Bxe6+ Bf7 24. Bxf7+ Rxf7 25. Rh8+ 1-0

[Event "European Blitz 2022"]
[Site "Katowice POL"]
[Date "2022.12.16"]
[Round "7.36"]
[White "Mis, Mieszko"]
[Black "Laurusas, Tomas"]
[Result "0-1"]
[WhiteTitle "FM"]
[BlackTitle "GM"]
[WhiteElo "2389"]
[BlackElo "2567"]
[WhiteFideId "1196448"]
[BlackFideId "12803731"]
[EventDate "2022.12.16"]

1. d4 d5 2. c4 c6 3. Nc3 Nf6 4. e3 a6 5. Nf3 Bg4 6. cxd5 cxd5 7. Qb3 Ra7 8. Bd2
Bxf3 9. gxf3 Nc6 10. f4 e6 11. Rc1 Be7 12. Bd3 O-O 13. O-O Na5 14. Qd1 b5 15.
Ne2 Nc4 16. b3 Nb2 17. Qc2 Nxd3 18. Qxd3 Qd7 19. Rc2 Rc8 20. Rfc1 Rac7 21. Ng3
g6 22. Rxc7 Rxc7 23. Rxc7 Qxc7 24. Qc3 Qb7 25. Qc2 Kf8 26. Kf1 Ke8 27. Ke2 Kd7
28. Qc3 h6 29. f3 Ne8 30. Qc2 Nf6 31. Nf1 Bd6 32. Qc3 g5 33. fxg5 hxg5 34. Ng3
Bxg3 35. hxg3 g4 36. Qc5 gxf3+ 37. Kxf3 Ne4 38. Qf8 Nxd2+ 39. Ke2 Ne4 40. Qxf7+
Kc6 41. Qxe6+ Nd6 42. e4 Qf7 43. exd5+ Kc7 44. g4 Qh7 45. g5 Qh5+ 46. Kd2 Qxg5+
47. Kc3 a5 48. Kb2 Qd2+ 49. Kb1 Qd1+ 50. Kb2 Qxd4+ 51. Kb1 Qe4+ 52. Kb2 Qxe6 53.
dxe6 Ne4 54. Kc2 Kd6 55. e7 Kxe7 56. Kd3 Nc5+ 57. Kd4 Kd6 0-1

[Event "European Blitz 2022"]
[Site "Katowice POL"]
[Date "2022.12.16"]
[Round "7.37"]
[White "Brilej, Jaka"]
[Black "Sahidi, Samir"]
[Result "1-0"]
[WhiteTitle "FM"]
[BlackTitle "IM"]
[WhiteElo "2336"]
[BlackElo "2494"]
[WhiteFideId "14618818"]
[BlackFideId "14936372"]
[EventDate "2022.12.16"]

1. d4 d5 2. c4 e6 3. Nc3 Nf6 4. cxd5 exd5 5. Bg5 c6 6. e3 Be7 7. Bd3 O-O 8. Qc2
h6 9. Bh4 Re8 10. Nge2 Be6 11. O-O Nbd7 12. f3 c5 13. Bf2 Rc8 14. dxc5 Bxc5 15.
Nf4 Ne5 16. Nxe6 fxe6 17. Rad1 a6 18. Qe2 b5 19. a3 Qb6 20. Bb1 Nc4 21. Rfe1 a5
22. Qd3 Nxb2 23. Qg6 Nxd1 24. Nxd1 Qc7 25. Bh4 Qf7 26. Qd3 b4 27. a4 Be7 28. Nf2
Rc4 29. Ng4 Rc3 30. Nxf6+ gxf6 31. Qd4 Bc5 32. Qg4+ Qg7 33. Qh5 Rc8 34. Bf2 Bb6
35. Qh3 f5 36. e4 Bxf2+ 37. Kxf2 Rc1 38. exd5 Qd4+ 39. Re3 Rf1+ 40. Kxf1 Qxe3
41. Qg3+ Kh8 1-0

[Event "European Blitz 2022"]
[Site "Katowice POL"]
[Date "2022.12.16"]
[Round "7.38"]
[White "Szpar, Milosz"]
[Black "Vega Gutierrez, Sabrina"]
[Result "1-0"]
[WhiteTitle "IM"]
[BlackTitle "IM"]
[WhiteElo "2428"]
[BlackElo "2361"]
[WhiteFideId "1184989"]
[BlackFideId "2219026"]
[EventDate "2022.12.16"]

1. e4 c5 2. Nf3 e6 3. c3 d5 4. exd5 Qxd5 5. d4 Nf6 6. Na3 cxd4 7. Nb5 Qd8 8.
Nbxd4 Be7 9. Bd3 O-O 10. O-O a6 11. Bf4 Nd5 12. Bg3 Nd7 13. Re1 h6 14. Qe2 N7f6
15. Ne5 Bd6 16. Rad1 Qc7 17. c4 Nb4 18. Bb1 Nc6 19. Ndxc6 bxc6 20. c5 Bxc5 21.
Ng6 Qb6 22. Nxf8 Bxf8 23. Qc2 c5 24. Be5 Be7 25. h3 Bb7 26. Bxf6 Bxf6 27. Qh7+
Kf8 28. Rd7 Ke8 29. Red1 Bd5 30. R7xd5 1-0

[Event "European Blitz 2022"]
[Site "Katowice POL"]
[Date "2022.12.16"]
[Round "7.39"]
[White "Kozak, Antoni"]
[Black "Zimina, Olga"]
[Result "1-0"]
[BlackTitle "IM"]
[WhiteElo "2422"]
[BlackElo "2295"]
[WhiteFideId "21832030"]
[BlackFideId "4132190"]
[EventDate "2022.12.16"]

1. Nf3 d5 2. e3 Nf6 3. c4 c6 4. Nc3 a6 5. h3 h6 6. b3 Bf5 7. Bb2 e6 8. d4 Nbd7
9. Bd3 Bxd3 10. Qxd3 Be7 11. O-O O-O 12. a4 a5 13. Rab1 Re8 14. Rfd1 Qc7 15. Qe2
Rad8 16. Rbc1 Qb6 17. Qc2 Nb8 18. Ne5 Na6 19. Rb1 Nb4 20. Qe2 Nd7 21. Nf3 Nf6
22. Re1 Ne4 23. Nxe4 dxe4 24. Nd2 Nd3 25. Rf1 f5 26. Bc3 c5 27. d5 exd5 28. cxd5
Rxd5 29. Nc4 Qg6 30. Nxa5 b6 31. Nc4 f4 32. f3 Bg5 33. fxe4 Qxe4 34. Qh5 fxe3
35. Qf7+ 1-0

[Event "European Blitz 2022"]
[Site "Katowice POL"]
[Date "2022.12.16"]
[Round "7.40"]
[White "Stefanova, Antoaneta"]
[Black "Przybylski, Wojciech"]
[Result "1-0"]
[WhiteTitle "GM"]
[BlackTitle "FM"]
[WhiteElo "2442"]
[BlackElo "2321"]
[WhiteFideId "2902257"]
[BlackFideId "1117599"]
[EventDate "2022.12.16"]

1. d4 Nf6 2. Nf3 d5 3. Bf4 c6 4. e3 Bg4 5. Nbd2 e6 6. h3 Bh5 7. g4 Bg6 8. Ne5
Be7 9. h4 Ne4 10. h5 f6 11. hxg6 fxe5 12. Bxe5 Bf6 13. Nxe4 dxe4 14. Bxf6 Qxf6
15. gxh7 Nd7 16. Qd2 Qg6 17. O-O-O Rxh7 18. Rxh7 Qxh7 19. Qb4 O-O-O 20. Qe7 Qg6
21. Bc4 Re8 22. Qh4 Nf6 23. g5 Nd5 24. Be2 Rf8 25. a3 Kd7 26. c4 Ne7 27. Rg1 Kd8
28. Rg2 Qf5 29. Qg4 Qa5 30. Bd1 Kd7 31. Qxe4 Qe1 32. f4 Rh8 33. Re2 Qg1 34. Qg2
Rh1 35. Qxg1 Rxg1 36. Kd2 Nf5 37. Bc2 Nd6 38. b3 b6 39. Rh2 Ke7 40. Rh7 Rg2+ 41.
Kc3 Kf7 42. Rh8 Rg3 43. Kd2 Rg2+ 44. Kc1 Re2 45. Rh3 c5 46. dxc5 bxc5 47. Kd1
Rg2 48. e4 e5 49. fxe5 Ne8 50. Rd3 Ke7 51. Rd5 Rxg5 52. Rxc5 Rg2 53. Ra5 g5 54.
Rxa7+ Ke6 55. c5 g4 56. Bd3 g3 57. Bc4+ Kxe5 58. Re7+ Kd4 59. Rxe8 Rf2 60. Rg8
g2 61. Ke1 Ra2 62. c6 Ke3 1-0

[Event "European Blitz 2022"]
[Site "Katowice POL"]
[Date "2022.12.16"]
[Round "7.41"]
[White "Kokol, Peter"]
[Black "Gaehwiler, Gabriel"]
[Result "0-1"]
[WhiteTitle "FM"]
[BlackTitle "IM"]
[WhiteElo "2347"]
[BlackElo "2408"]
[WhiteFideId "14604523"]
[BlackFideId "1314530"]
[EventDate "2022.12.16"]

1. e4 c5 2. Nf3 d6 3. d4 cxd4 4. Nxd4 Nf6 5. Nc3 a6 6. Be3 e5 7. Nb3 Be6 8. f3
Be7 9. Qd2 O-O 10. O-O-O a5 11. Bb5 Na6 12. a4 Rc8 13. Kb1 Nb4 14. Rc1 d5 15.
exd5 Nfxd5 16. Nxd5 Bxd5 17. c4 Be6 18. Rhd1 Bf5+ 19. Ka1 Qc7 20. Qf2 Nd3 21.
Rxd3 Bxd3 22. Bb6 Qd6 23. c5 Qg6 24. Bxd3 Qxd3 25. Rc3 Qd5 26. Nxa5 Qd1+ 27. Ka2
Qxa4+ 28. Ra3 Qd7 29. Nc4 Qe6 30. b3 Bd8 31. Qe3 0-1

[Event "European Blitz 2022"]
[Site "Katowice POL"]
[Date "2022.12.16"]
[Round "7.42"]
[White "Licznerski, Lukasz"]
[Black "Karpus, Michal"]
[Result "1-0"]
[WhiteTitle "IM"]
[BlackTitle "FM"]
[WhiteElo "2441"]
[BlackElo "2212"]
[WhiteFideId "1179250"]
[BlackFideId "1174088"]
[EventDate "2022.12.16"]

1. e4 e5 2. Nf3 Nc6 3. Bb5 a6 4. Bxc6 dxc6 5. O-O f6 6. d4 Bg4 7. c3 Bd6 8. Be3
Ne7 9. Nbd2 Qd7 10. h3 Be6 11. dxe5 fxe5 12. Ng5 Bg8 13. Qh5+ Ng6 14. c4 O-O-O
15. c5 Be7 16. Ngf3 Qe6 17. b3 Nf4 18. Qxe5 Qxe5 19. Nxe5 Ne2+ 20. Kh1 Bf6 21.
Ndf3 Re8 22. Rfe1 Rxe5 23. Rxe2 Rxe4 24. Rd1 Bd5 25. Red2 Rhe8 26. Kg1 h6 27.
Bd4 Bxd4 28. Nxd4 Re1+ 29. Kh2 Rxd1 30. Rxd1 Re5 31. f3 Bf7 32. g4 Rxc5 33. Nf5
Rc2+ 34. Kg3 Rxa2 35. Ne7+ Kb8 36. Rd8+ Ka7 37. Nc8+ Kb8 38. Nd6+ Ka7 39. Nxf7
Rb2 40. Rd3 c5 41. f4 b5 42. Ne5 a5 43. h4 c4 44. bxc4 b4 45. g5 Kb6 46. f5 hxg5
47. hxg5 a4 48. f6 gxf6 49. gxf6 Rb1 50. f7 Rg1+ 51. Kf2 1-0

[Event "European Blitz 2022"]
[Site "Katowice POL"]
[Date "2022.12.16"]
[Round "7.43"]
[White "Manik, Mikulas"]
[Black "Kubicka, Anna"]
[Result "1-0"]
[WhiteTitle "GM"]
[BlackTitle "WIM"]
[WhiteElo "2359"]
[BlackElo "2217"]
[WhiteFideId "14900734"]
[BlackFideId "1152254"]
[EventDate "2022.12.16"]

1. e4 c5 2. Nf3 d6 3. d4 cxd4 4. Nxd4 Nf6 5. Nc3 a6 6. Be2 e5 7. Nb3 Be7 8. g4
h6 9. Be3 Nbd7 10. h4 b5 11. Bf3 b4 12. Nd5 Nxd5 13. Qxd5 Rb8 14. O-O-O Nb6 15.
Qd3 Qc7 16. g5 Nc4 17. Kb1 Nxe3 18. Qxe3 Be6 19. Rdg1 Rc8 20. Bd1 h5 21. f4 exf4
22. Qxf4 g6 23. Qd2 a5 24. Nd4 Bc4 25. Be2 O-O 26. Rg2 Bxe2 27. Rxe2 Rfe8 28.
Qd3 Bf8 29. Rf1 Qc5 30. Nb3 Qc7 31. Qd5 Re7 32. Qxa5 Qb7 33. Rfe1 Bg7 34. Qd5
Qa6 35. Qd3 Qa4 36. Nd2 Qc6 37. Nf3 Rce8 38. Nd4 Qc5 39. Nb3 Qc6 40. Nd2 Qb6 41.
Nc4 Qc5 42. b3 Re6 43. Rd1 Ra8 44. Qd5 Qa7 45. a4 bxa3 46. Ka2 Rb8 47. Nxd6 Qc7
48. Nc4 Rc8 49. Qd7 Qb8 50. Qd3 Rec6 51. Rb1 Rxc4 52. bxc4 Qe5 53. c3 Qe6 54.
Qd5 Qg4 55. Rd2 Qxh4 56. Rf1 Rf8 57. e5 Qg3 58. Rc2 Qxg5 59. c5 Qg4 60. c6 Qc8 1-0

[Event "European Blitz 2022"]
[Site "Katowice POL"]
[Date "2022.12.16"]
[Round "7.44"]
[White "Paehtz, Thomas"]
[Black "Sliwicka, Alicja"]
[Result "1-0"]
[WhiteTitle "GM"]
[BlackTitle "WIM"]
[WhiteElo "2339"]
[BlackElo "2284"]
[WhiteFideId "4611349"]
[BlackFideId "1150677"]
[EventDate "2022.12.16"]

1. e4 c5 2. Nf3 d6 3. d4 cxd4 4. Nxd4 Nf6 5. Nc3 Bd7 6. f3 e5 7. Nb3 Be7 8. Be2
Be6 9. Nd5 Nxd5 10. exd5 Bf5 11. O-O O-O 12. c4 a5 13. Be3 a4 14. Nd2 Nd7 15.
Ne4 Bg6 16. c5 Nxc5 17. Bxc5 dxc5 18. d6 Bg5 19. Nxg5 Qxg5 20. Qc1 Qxc1 21.
Raxc1 b6 22. Bb5 Rfd8 23. Rcd1 a3 24. b3 f6 25. f4 exf4 26. Rd2 Bf7 27. Rxf4 Ra5
28. Bc4 Ra7 29. Bb5 Ra5 30. Bc6 b5 31. d7 c4 32. bxc4 bxc4 33. Re4 c3 34. Rc2
Rc5 35. Re8+ Bxe8 36. dxe8=Q+ Rxe8 37. Bxe8 Kf8 38. Ba4 Ke7 39. Kf2 Kd6 40. Ke3
Re5+ 41. Kd3 Ra5 42. Bb3 Rf5 43. Kxc3 Kc5 44. Re2 g5 45. h3 h5 46. Bc2 Rf4 47.
Bb3 g4 48. hxg4 hxg4 49. Kd3 Rf1 50. Ke3 f5 51. Rf2 Rg1 52. Kf4 Kd4 53. Kxf5 Ke3
54. Rc2 g3 55. Kg4 1-0

[Event "European Blitz 2022"]
[Site "Katowice POL"]
[Date "2022.12.16"]
[Round "7.45"]
[White "Wilk, Krzysztof"]
[Black "Jarmula, Lukasz"]
[Result "1/2-1/2"]
[BlackTitle "GM"]
[WhiteElo "2107"]
[BlackElo "2469"]
[WhiteFideId "1116193"]
[BlackFideId "1160664"]
[EventDate "2022.12.16"]

1. b4 Nf6 2. Bb2 g6 3. e3 Bg7 4. c4 O-O 5. Nf3 d6 6. d4 e5 7. dxe5 Ng4 8. Nbd2
Nc6 9. Qb3 Ngxe5 10. Be2 a5 11. b5 a4 12. Qa3 Nxf3+ 13. Nxf3 Bxb2 14. Qxb2 a3
15. Qc3 Ne5 16. O-O Qf6 17. Nxe5 dxe5 18. Rfd1 Qe7 19. Rd2 f6 20. h3 Be6 21. c5
Rfd8 22. Rad1 Kg7 23. Rxd8 Rxd8 24. Rxd8 Qxd8 25. Qxa3 Qd2 26. Qd3 Qc1+ 27. Kh2
Qxc5 28. a4 c6 29. bxc6 Qxc6 30. Bf3 Qxa4 31. Bxb7 Qd7 32. Qxd7+ Bxd7 1/2-1/2

[Event "European Blitz 2022"]
[Site "Katowice POL"]
[Date "2022.12.16"]
[Round "7.46"]
[White "Sotsky, Alexander"]
[Black "Tisaj, Domen"]
[Result "0-1"]
[WhiteTitle "IM"]
[BlackTitle "FM"]
[WhiteElo "2333"]
[BlackElo "2396"]
[WhiteFideId "4130715"]
[BlackFideId "14628708"]
[EventDate "2022.12.16"]

1. d4 Nf6 2. Bg5 e6 3. e3 d5 4. Bd3 Be7 5. Bxf6 Bxf6 6. f4 c5 7. c3 Qb6 8. Qb3
c4 9. Qxb6 axb6 10. Bc2 b5 11. a3 Nc6 12. Nf3 b4 13. O-O Bd7 14. Nbd2 bxc3 15.
bxc3 b5 16. Rfb1 Rb8 17. e4 Be7 18. f5 O-O 19. Re1 Rfe8 20. Re2 Ra8 21. Nb1 b4
22. fxe6 fxe6 23. cxb4 Nxb4 24. exd5 exd5 25. Ne5 Nxc2 26. Rxc2 Bf5 27. Rb2 Bf6
28. Re2 Bxe5 29. dxe5 d4 30. Nd2 c3 31. Nf3 d3 32. Re3 Rad8 33. Kf2 Bg6 34. e6
d2 35. Rxc3 d1=Q 36. Rxd1 Rxd1 37. a4 Rxe6 38. Rc8+ Re8 39. Rc7 Ra1 40. Rc4 Ra8 0-1

[Event "European Blitz 2022"]
[Site "Katowice POL"]
[Date "2022.12.16"]
[Round "7.47"]
[White "Langheinrich, Ferenc"]
[Black "Marczuk, Dominik"]
[Result "1-0"]
[WhiteTitle "IM"]
[BlackTitle "FM"]
[WhiteElo "2381"]
[BlackElo "2253"]
[WhiteFideId "4641973"]
[BlackFideId "1111264"]
[EventDate "2022.12.16"]

1. e4 c5 2. Nf3 Nc6 3. b3 Nf6 4. e5 Nd5 5. Bb2 g6 6. Nc3 Nxc3 7. dxc3 Bg7 8. Qe2
O-O 9. O-O-O c4 10. h4 Qa5 11. Kb1 h5 12. Qxc4 Nxe5 13. Nxe5 Qxe5 14. f4 Qf6 15.
g4 d5 16. g5 dxc4 17. gxf6 Bxf6 18. Bxc4 Bg4 19. Rde1 Rfd8 20. Bd3 Rd7 21. c4
Bxb2 22. Kxb2 Rad8 23. Re5 e6 24. Kc3 a6 25. a4 Rd4 26. Rf1 Kg7 27. a5 Bf5 28.
Bxf5 gxf5 29. Rc5 R8d7 30. Rc8 Re4 31. c5 Re2 32. c6 bxc6 33. Rxc6 Rdd2 34. Rc1
Rd5 35. Rxa6 Re3+ 36. Kb2 Re4 37. Rf1 e5 38. fxe5 Rexe5 39. b4 Re4 40. Kb3 Re3+
41. c3 Rdd3 42. Rc6 1-0

[Event "European Blitz 2022"]
[Site "Katowice POL"]
[Date "2022.12.16"]
[Round "7.48"]
[White "Olenik Campa, Rudi"]
[Black "Morgunov, Marc"]
[Result "1/2-1/2"]
[WhiteTitle "CM"]
[BlackTitle "FM"]
[WhiteElo "2358"]
[BlackElo "2402"]
[WhiteFideId "14633264"]
[BlackFideId "1640305"]
[EventDate "2022.12.16"]

1. e4 c5 2. Nf3 d6 3. d4 cxd4 4. Nxd4 Nf6 5. Nc3 Nc6 6. Nxc6 bxc6 7. g3 g6 8.
Bg2 Bd7 9. O-O Bg7 10. h3 O-O 11. Be3 a5 12. Na4 Rb8 13. b3 c5 14. e5 Ne8 15.
exd6 exd6 16. Rb1 Bxa4 17. bxa4 Rxb1 18. Qxb1 Nc7 19. Qb6 Ne6 20. Rb1 Nd4 21.
Qxd8 Rxd8 22. Bxd4 Bxd4 23. Bd5 Rd7 24. Rb7 Rxb7 25. Bxb7 Kg7 26. c4 Kf6 1/2-1/2

[Event "European Blitz 2022"]
[Site "Katowice POL"]
[Date "2022.12.16"]
[Round "7.49"]
[White "Spalir, Jernej"]
[Black "Redzisz, Michal"]
[Result "0-1"]
[WhiteTitle "IM"]
[BlackTitle "FM"]
[WhiteElo "2377"]
[BlackElo "2260"]
[WhiteFideId "14606518"]
[BlackFideId "21816107"]
[EventDate "2022.12.16"]

1. d4 Nf6 2. c4 e6 3. Nf3 d5 4. Nc3 Bb4 5. Qa4+ Nc6 6. e3 O-O 7. Bd2 Re8 8. Qc2
e5 9. cxd5 Nxd5 10. Nxd5 Bxd2+ 11. Qxd2 Qxd5 12. dxe5 Qxd2+ 13. Kxd2 Nxe5 14.
Nxe5 Rxe5 15. Bc4 Be6 16. f4 Rd8+ 17. Ke1 Rxe3+ 18. Kf2 Re4 19. Bxe6 Rd2+ 20.
Kf3 Rxe6 21. Rad1 Red6 22. Rhe1 R6d3+ 23. Kg4 h5+ 0-1

[Event "European Blitz 2022"]
[Site "Katowice POL"]
[Date "2022.12.16"]
[Round "7.50"]
[White "Zamekhovskiy, Yevgen"]
[Black "Barski, Radoslaw"]
[Result "1/2-1/2"]
[BlackTitle "IM"]
[WhiteElo "2095"]
[BlackElo "2441"]
[WhiteFideId "14174413"]
[BlackFideId "1131710"]
[EventDate "2022.12.16"]

1. d4 d5 2. Nf3 e6 3. c4 Nf6 4. g3 Bb4+ 5. Nbd2 O-O 6. Bg2 dxc4 7. O-O b5 8. Qc2
Bb7 9. a4 a6 10. Rd1 Nbd7 11. e4 c5 12. e5 Nd5 13. Ne4 h6 14. dxc5 Nxc5 15. Nd6
Bc6 16. Nd4 Qd7 17. b3 Nxb3 18. Nxb3 cxb3 19. Qxb3 bxa4 20. Qd3 a5 21. Bxh6 gxh6
22. Qd4 f5 23. Qh4 Bxd6 24. exd6 Ra7 25. Qxh6 Qxd6 26. Re1 Qe7 27. Rxe6 Qg7 28.
Rxc6 Qxa1+ 29. Bf1 Rg7 30. Qe6+ Rgf7 31. Qxd5 Qg7 32. Qxa5 Rf6 33. Qxa4 Rxc6 34.
Qxc6 Kh8 35. h4 f4 36. Qf3 fxg3 37. Qxg3 Qf6 38. Bg2 Qa1+ 39. Kh2 Qf6 40. Kg1
Rg8 41. Qh3 Qa1+ 42. Kh2 Qe5+ 43. Kg1 Qe1+ 44. Kh2 Qxf2 45. Qc3+ Rg7 46. Qc8+
Kh7 47. Qh3 Qf4+ 48. Kh1 Qc1+ 49. Kh2 Qf4+ 50. Kh1 Rg4 51. Qd3+ Kh6 52. Qa6+ Rg6
53. Qe2 Qxh4+ 54. Kg1 Qd4+ 55. Kh1 Kg7 56. Qe7+ Kg8 57. Qe8+ Kg7 58. Qe7+ Kh6
59. Qf8+ Kg5 60. Qe7+ Rf6 61. Qg7+ Kf4 1/2-1/2

[Event "European Blitz 2022"]
[Site "Katowice POL"]
[Date "2022.12.16"]
[Round "7.51"]
[White "Piesik, Piotr"]
[Black "Tuomainen, Felix"]
[Result "1-0"]
[WhiteTitle "IM"]
[BlackTitle "FM"]
[WhiteElo "2420"]
[BlackElo "2232"]
[WhiteFideId "1136194"]
[BlackFideId "1720813"]
[EventDate "2022.12.16"]

1. Nf3 Nf6 2. g3 c5 3. Bg2 Nc6 4. O-O e5 5. d3 d6 6. c4 g6 7. Nc3 Bg7 8. Rb1 O-O
9. a3 a5 10. Ne1 Be6 11. Nd5 Bxd5 12. cxd5 Ne7 13. e4 Nd7 14. b4 b6 15. Nc2 f5
16. Ne3 f4 17. Nc4 fxg3 18. fxg3 axb4 19. axb4 Nf6 20. bxc5 bxc5 21. Bh3 Rb8 22.
Bg5 Rxb1 23. Qxb1 h6 24. Bd2 Kh7 25. Qb7 Kh8 26. Ba5 Qa8 27. Qxe7 1-0

[Event "European Blitz 2022"]
[Site "Katowice POL"]
[Date "2022.12.16"]
[Round "7.52"]
[White "Kaminski, Jan"]
[Black "Dvirnyy, Danyyil"]
[Result "0-1"]
[BlackTitle "GM"]
[WhiteElo "1888"]
[BlackElo "2530"]
[WhiteFideId "1156578"]
[BlackFideId "817570"]
[EventDate "2022.12.16"]

1. e4 c6 2. d4 d5 3. exd5 cxd5 4. Bd3 Nf6 5. c3 Bg4 6. Qb3 Qc7 7. Bg5 e6 8. Nd2
Bd6 9. Ngf3 Nc6 10. O-O O-O 11. Bxf6 gxf6 12. Qc2 f5 13. h3 Bh5 14. Rfe1 Rab8
15. a4 a6 16. Nh4 Rfc8 17. Qc1 Bg6 18. Ndf3 Bf4 19. Qd1 b5 20. axb5 axb5 21. g3
Bh6 22. Ne5 Nxe5 23. Rxe5 b4 24. cxb4 Rxb4 25. Qe1 Rxd4 26. Bf1 Bg7 27. Re2 Re4
28. Bg2 Rxe2 29. Qxe2 Qc2 30. Qa6 Bxb2 31. Ra2 Qc1+ 32. Kh2 Bf6 33. Nf3 Kg7 34.
h4 Rc2 35. Rxc2 Qxc2 36. Qa7 h6 37. Bf1 Bh5 38. Ng1 Qd1 39. Kg2 Qd2 40. Qc5 Bd4 0-1

[Event "European Blitz 2022"]
[Site "Katowice POL"]
[Date "2022.12.16"]
[Round "7.53"]
[White "Adams, Michael"]
[Black "Budrewicz, Krzysztof"]
[Result "1/2-1/2"]
[WhiteTitle "GM"]
[WhiteElo "2688"]
[BlackElo "2184"]
[WhiteFideId "400041"]
[BlackFideId "1127950"]
[EventDate "2022.12.16"]

1. e4 g6 2. d4 Bg7 3. Nc3 d6 4. Be3 a6 5. h4 Nf6 6. f3 b5 7. Qd2 Nbd7 8. Bh6
Bxh6 9. Qxh6 Bb7 10. O-O-O e5 11. Nge2 Qe7 12. Kb1 O-O-O 13. d5 Kb8 14. Nc1 Nh5
15. Qd2 f5 16. Bd3 Nc5 17. Nb3 Nxb3 18. cxb3 fxe4 19. Bxe4 Rhf8 20. Qg5 Rde8 21.
Ne2 Nf6 22. Qe3 Qf7 23. a4 b4 24. Qd2 Nxe4 25. fxe4 a5 26. Qd3 Qf2 27. Rc1 Qb6
28. Qg3 Qf2 29. Qd3 Qb6 30. Rc2 Rf2 31. Qg3 Ref8 32. Rhc1 Ba6 33. Rc6 Qa7 34.
Ng1 Rf1 35. Nf3 Rxc1+ 36. Rxc1 Qe3 37. Ka2 Qxe4 38. Ng5 Qf4 39. Qe1 Qf2 40. Qd1
Qxg2 41. Rc2 Rf2 42. Rxf2 Qxf2 43. Ne6 Qxh4 44. Qc2 Qe7 45. Qc6 Bb7 46. Qb5 Kc8
47. Qxa5 h5 48. Qb5 Qd7 49. Qc4 Kb8 50. a5 e4 51. a6 Bc8 52. Qxb4+ Ka7 53. Qxe4
Bxa6 54. Qxg6 h4 55. Qg4 Qh7 56. Nd8 Kb6 1/2-1/2

[Event "European Blitz 2022"]
[Site "Katowice POL"]
[Date "2022.12.16"]
[Round "7.54"]
[White "Hjartarson, Johann"]
[Black "Hrabinska, Myroslava"]
[Result "1-0"]
[WhiteTitle "GM"]
[BlackTitle "WGM"]
[WhiteElo "2476"]
[BlackElo "2210"]
[WhiteFideId "2300044"]
[BlackFideId "14109190"]
[EventDate "2022.12.16"]

1. d4 d5 2. c4 e6 3. Nc3 c5 4. e3 Nf6 5. Nf3 Nc6 6. a3 cxd4 7. exd4 Be7 8. Bd3
dxc4 9. Bxc4 O-O 10. O-O b6 11. Re1 Bb7 12. Bg5 Qd7 13. Qd3 Rfd8 14. Rad1 h6 15.
Bh4 a6 16. Ba2 b5 17. Bxf6 Bxf6 18. d5 Qc7 19. Bb1 g6 20. Ne4 Bg7 21. d6 Qb6 22.
b4 Ne7 23. Nc5 Nd5 24. d7 Nc3 25. Rc1 Nxb1 26. Rxb1 Bc6 27. Rbd1 Ra7 28. Ne5 Bd5
29. Qe3 a5 30. h4 axb4 31. axb4 Ra2 32. Rxd5 exd5 33. Nxf7 Kxf7 34. Qe8+ 1-0